<?xml version="1.0" encoding="UTF-8"?>
<record
    xmlns:xsi="http://www.w3.org/2001/XMLSchema-instance"
    xsi:schemaLocation="http://www.loc.gov/MARC21/slim http://www.loc.gov/standards/marcxml/schema/MARC21slim.xsd"
    xmlns="http://www.loc.gov/MARC21/slim">

  <leader>02599nam a2200469 i 4500</leader>
  <controlfield tag="001">ebr10760257</controlfield>
  <controlfield tag="003">CaPaEBR</controlfield>
  <controlfield tag="006">m     o  d        </controlfield>
  <controlfield tag="007">cr cn|||||||||</controlfield>
  <controlfield tag="008">140816t19841984ne      o     000 0 eng d</controlfield>
  <datafield tag="020" ind1=" " ind2=" ">
    <subfield code="z">9783111253695</subfield>
  </datafield>
  <datafield tag="020" ind1=" " ind2=" ">
    <subfield code="a">9783111635248 (e-book)</subfield>
  </datafield>
  <datafield tag="040" ind1=" " ind2=" ">
    <subfield code="a">CaPaEBR</subfield>
    <subfield code="b">eng</subfield>
    <subfield code="e">rda</subfield>
    <subfield code="e">pn</subfield>
    <subfield code="c">CaPaEBR</subfield>
  </datafield>
  <datafield tag="035" ind1=" " ind2=" ">
    <subfield code="a">(OCoLC)889270992</subfield>
  </datafield>
  <datafield tag="041" ind1=" " ind2=" ">
    <subfield code="a">eng</subfield>
    <subfield code="a">fre</subfield>
  </datafield>
  <datafield tag="043" ind1=" " ind2=" ">
    <subfield code="a">d------</subfield>
  </datafield>
  <datafield tag="050" ind1="1" ind2="4">
    <subfield code="a">Z718.1</subfield>
    <subfield code="b">.I35 1984eb</subfield>
  </datafield>
  <datafield tag="082" ind1="0" ind2="4">
    <subfield code="a">027.62/5/091724</subfield>
    <subfield code="2">19</subfield>
  </datafield>
  <datafield tag="111" ind1="2" ind2=" ">
    <subfield code="a">IFLA/UNESCO Pre-Session Seminar</subfield>
    <subfield code="d">(1981 :</subfield>
    <subfield code="c">Leipzig)</subfield>
  </datafield>
  <datafield tag="245" ind1="1" ind2="0">
    <subfield code="a">Library work for children and young adults in the developing countries :</subfield>
    <subfield code="b">Proceedings of the IFLA/UNESCO Pre-Session Seminar in Leipzig, GDR, 10-15 August, 1981 /</subfield>
    <subfield code="c">edited by Genevi&#xFFFD;eve Patte, Sigr&#xFFFD;un Klara Hannesd&#xFFFD;ottir = Les enfants, les jeunes et les biblioth&#xFFFD;eques dans les Pays en d&#xFFFD;eveloppement : Actes du S&#xFFFD;eminaire IFLA/UNESCO de Leipzig, RDA, 10-15 ao&#xFFFD;ut, 1981 / edit&#xFFFD;e par Genevi&#xFFFD;eve Patte, Sigr&#xFFFD;un Klara Hannesd&#xFFFD;ottir.</subfield>
  </datafield>
  <datafield tag="264" ind1=" " ind2="1">
    <subfield code="a">Hague, Netherlands :</subfield>
    <subfield code="b">Walter de Gruyter &amp; Co.,</subfield>
    <subfield code="c">1984.</subfield>
  </datafield>
  <datafield tag="264" ind1=" " ind2="4">
    <subfield code="c">&#xFFFD;1984</subfield>
  </datafield>
  <datafield tag="300" ind1=" " ind2=" ">
    <subfield code="a">1 online resource (284 pages).</subfield>
  </datafield>
  <datafield tag="336" ind1=" " ind2=" ">
    <subfield code="a">text</subfield>
    <subfield code="2">rdacontent</subfield>
  </datafield>
  <datafield tag="337" ind1=" " ind2=" ">
    <subfield code="a">computer</subfield>
    <subfield code="2">rdamedia</subfield>
  </datafield>
  <datafield tag="338" ind1=" " ind2=" ">
    <subfield code="a">online resource</subfield>
    <subfield code="2">rdacarrier</subfield>
  </datafield>
  <datafield tag="490" ind1="1" ind2=" ">
    <subfield code="a">IFLA Publications,</subfield>
    <subfield code="x">0344-6891 ;</subfield>
    <subfield code="v">28</subfield>
  </datafield>
  <datafield tag="546" ind1=" " ind2=" ">
    <subfield code="a">In English and French.</subfield>
  </datafield>
  <datafield tag="588" ind1=" " ind2=" ">
    <subfield code="a">Description based on print version record.</subfield>
  </datafield>
  <datafield tag="590" ind1=" " ind2=" ">
    <subfield code="a">Electronic reproduction. Palo Alto, Calif. : ebrary, 2014. Available via World Wide Web. Access may be limited to ebrary affiliated libraries.</subfield>
  </datafield>
  <datafield tag="650" ind1=" " ind2="0">
    <subfield code="a">Children's libraries</subfield>
    <subfield code="z">Developing countries</subfield>
    <subfield code="v">Congresses.</subfield>
  </datafield>
  <datafield tag="650" ind1=" " ind2="0">
    <subfield code="a">Young adults' libraries</subfield>
    <subfield code="z">Developing countries</subfield>
    <subfield code="v">Congresses.</subfield>
  </datafield>
  <datafield tag="650" ind1=" " ind2="0">
    <subfield code="a">Children</subfield>
    <subfield code="x">Books and reading</subfield>
    <subfield code="z">Developing countries</subfield>
    <subfield code="v">Congresses.</subfield>
  </datafield>
  <datafield tag="650" ind1=" " ind2="0">
    <subfield code="a">Young adults</subfield>
    <subfield code="x">Books and reading</subfield>
    <subfield code="z">Developing countries</subfield>
    <subfield code="v">Congresses.</subfield>
  </datafield>
  <datafield tag="655" ind1=" " ind2="0">
    <subfield code="a">Electronic books.</subfield>
  </datafield>
  <datafield tag="700" ind1="1" ind2=" ">
    <subfield code="a">Patte, Genevi&#xFFFD;eve,</subfield>
    <subfield code="e">editor.</subfield>
  </datafield>
  <datafield tag="700" ind1="0" ind2=" ">
    <subfield code="a">Sigr&#xFFFD;un Klara Hannesd&#xFFFD;ottir,</subfield>
    <subfield code="e">editor.</subfield>
  </datafield>
  <datafield tag="776" ind1="0" ind2="8">
    <subfield code="i">Print version:</subfield>
    <subfield code="a">IFLA/UNESCO Pre-Session Seminar (1981 :Leipzig)</subfield>
    <subfield code="t">Library work for children and young adults in the developing countries : Proceedings of the IFLA/UNESCO Pre-Session Seminar in Leipzig, GDR, 10-15 August, 1981.</subfield>
    <subfield code="d">Hague, Netherlands : Walter de Gruyter &amp; Co., c1984 </subfield>
    <subfield code="h">283 pages </subfield>
    <subfield code="k">IFLA publications ; 28.</subfield>
    <subfield code="x">0344-6891 </subfield>
    <subfield code="z">9783111253695 </subfield>
    <subfield code="w">85229737</subfield>
  </datafield>
  <datafield tag="797" ind1="2" ind2=" ">
    <subfield code="a">ebrary.</subfield>
  </datafield>
  <datafield tag="830" ind1=" " ind2="0">
    <subfield code="a">IFLA publications ;</subfield>
    <subfield code="v">28.</subfield>
  </datafield>
  <datafield tag="856" ind1="4" ind2="0">
    <subfield code="u">http://site.ebrary.com/lib/rucke/Doc?id=10760257</subfield>
    <subfield code="z">An electronic book accessible through the World Wide Web; click to view</subfield>
  </datafield>
  <datafield tag="999" ind1=" " ind2=" ">
    <subfield code="c">120934</subfield>
    <subfield code="d">120934</subfield>
  </datafield>
</record>
